[Event "Olympiad-45"]
[Site "Budapest"]
[Date "2024.09.19"]
[Round "8.4"]
[White "Bandara, Dhanushka"]
[Black "Eltag, Siddig"]
[Result "0-1"]
[WhiteElo "1903"]
[BlackElo "2138"]
[PlyCount "94"]
[EventDate "2024.09.11"]
[EventType "team-swiss"]
[EventRounds "11"]
[EventCountry "HUN"]
[SourceTitle "EXT 2025"]
[Source "ChessBase"]
[SourceDate "2024.10.14"]
[SourceVersion "1"]
[SourceVersionDate "2024.10.14"]
[SourceQuality "1"]
[WhiteTeam "Sri Lanka"]
[BlackTeam "Sudan"]
[WhiteTeamCountry "SRI"]
[BlackTeamCountry "SUD"]

1. e4 d5 2. exd5 Nf6 3. d4 Nxd5 4. Nf3 g6 5. h3 Bg7 6. Bd3 0-0 7. 0-0 Nc6 8. c3 h6 9. Re1 Kh7 10. Na3 a6 11. Nc4 Bf5 12. Nce5 Nxe5 13. Nxe5 Bxd3 14. Qxd3 Qd6 15. Qg3 Rad8 16. Qh4 Qf6 17. Qg3 Qd6 18. Re4 f5 19. Rh4 Qf6 20. c4 f4 21. Qd3 Nb4 22. Qe4 Qxh4 23. Nxg6 Rxd4 24. Qxd4 Bxd4 25. Nxh4 Nd3 26. Nf3 Bxf2+ 27. Kf1 Bc5 28. Ke2 Rd8 29. Bd2 e5 30. Bc3 e4 31. Nd2 f3+ 32. gxf3 Nf4+ 33. Ke1 e3 34. Nf1 e2 35. Ng3 Rg8 36. Nxe2 Re8 37. Kd1 Rxe2 38. Bd2 Rh2 39. Rc1 Rh1+ 40. Kc2 Rxc1+ 41. Bxc1 Nxh3 42. Kd3 Kg6 43. Ke4 Ng5+ 44. Kf4 Bd6+ 45. Ke3 Kf5 46. Kf2 Bf4 47. Bxf4 Kxf4 0-1

[Event "Olympiad-45"]
[Site "Budapest"]
[Date "2024.09.18"]
[Round "7.4"]
[White "Yamada, Kohei"]
[Black "Eltag, Siddig"]
[Result "1-0"]
[WhiteElo "2178"]
[BlackElo "2138"]
[PlyCount "99"]
[EventDate "2024.09.11"]
[EventType "team-swiss"]
[EventRounds "11"]
[EventCountry "HUN"]
[SourceTitle "EXT 2025"]
[Source "ChessBase"]
[SourceDate "2024.10.14"]
[SourceVersion "1"]
[SourceVersionDate "2024.10.14"]
[SourceQuality "1"]
[WhiteTeam "Japan"]
[BlackTeam "Sudan"]
[WhiteTeamCountry "JPN"]
[BlackTeamCountry "SUD"]

1. e4 e5 2. Nf3 Nf6 3. d4 Nxe4 4. Bd3 d5 5. Nxe5 Nd7 6. Nc3 Bb4 7. 0-0 Nxe5 8. dxe5 Nxc3 9. bxc3 Be7 10. Rb1 b6 11. Bb5+ Kf8 12. Bc6 Ba6 13. Re1 Rc8 14. Bxd5 c6 15. Bb3 Qxd1 16. Rxd1 h6 17. Be3 Rd8 18. Ba4 Bb7 19. c4 g5 20. Rxd8+ Bxd8 21. c5 b5 22. Bb3 Bc7 23. Bd4 Ke7 24. e6 f6 25. g3 Rd8 26. c3 a5 27. Re1 a4 28. Bc2 Ba5 29. Re3 Bc7 30. Rf3 Rf8 31. Bf5 Be5 32. Rd3 Rd8 33. Bxe5 fxe5 34. Rd7+ Rxd7 35. exd7 a3 36. Kg2 b4 37. cxb4 Ba6 38. Be6 g4 39. h3 h5 40. hxg4 hxg4 41. f3 gxf3+ 42. Kxf3 Bd3 43. g4 Bg6 44. Ke3 Bb1 45. Kd2 Kd8 46. Kc3 Ke7 47. g5 Bg6 48. b5 cxb5 49. c6 Kd8 50. Kb4 1-0

[Event "Olympiad-45"]
[Site "Budapest"]
[Date "2024.09.13"]
[Round "3.34"]
[White "Eltag, Siddig"]
[Black "Vanczak, Tamas"]
[Result "0-1"]
[WhiteElo "2138"]
[BlackElo "2401"]
[PlyCount "112"]
[EventDate "2024.09.11"]
[EventType "team-swiss"]
[EventRounds "11"]
[EventCountry "HUN"]
[SourceTitle "EXT 2025"]
[Source "ChessBase"]
[SourceDate "2024.10.14"]
[SourceVersion "1"]
[SourceVersionDate "2024.10.14"]
[SourceQuality "1"]
[WhiteTeam "Sudan"]
[BlackTeam "Hungary III"]
[WhiteTeamCountry "SUD"]
[BlackTeamCountry "HUN"]

1. d4 Nf6 2. c4 e6 3. Nf3 c5 4. d5 exd5 5. cxd5 d6 6. g3 g6 7. Bg2 Bg7 8. Nc3 0-0 9. Qa4 Bg4 10. Bg5 Bxf3 11. Bxf3 h6 12. Bf4 a6 13. h4 Ne8 14. 0-0 Nd7 15. e4 Ne5 16. Be2 b5 17. Qd1 Nc7 18. Qd2 Kh7 19. a3 a5 20. Bxe5 Bxe5 21. Nxb5 Nxb5 22. Bxb5 a4 23. Rab1 Qb6 24. Bc6 Ra6 25. Rfc1 Rb8 26. Qd3 Qa7 27. Rc4 Rb3 28. Qc2 Rab6 29. Rxa4 Qc7 30. Rb4 Rxg3+ 31. fxg3 cxb4 32. Kg2 bxa3 33. bxa3 Rxb1 34. Qxb1 Qa5 35. Qb4 Qa6 36. Qd2 Qxa3 37. Qf2 Kg7 38. Be8 Bf6 39. Qf3 Qb2+ 40. Kh3 h5 41. Ba4 Be5 42. Bd1 Qd4 43. Kg2 Qd2+ 44. Qe2 Qc3 45. Qf3 Qe1 46. Be2 Bxg3 47. Qxg3 Qxe2+ 48. Kh3 Qxe4 49. Qxd6 Qg4+ 50. Kh2 Qxh4+ 51. Kg2 Qe4+ 52. Kf2 h4 53. Qc5 Qe5 54. Qc6 Qg3+ 55. Ke2 Qg2+ 56. Ke3 h3 0-1

[Event "Arab-ch"]
[Site "Khartoum"]
[Date "2023.03.04"]
[Round "8"]
[White "Ahmed, Abdul Sattar"]
[Black "Eltag, Siddig"]
[Result "1-0"]
[WhiteElo "2196"]
[BlackElo "2133"]
[PlyCount "43"]
[EventDate "2023.02.26"]
[EventType "swiss"]
[EventRounds "9"]
[EventCountry "SUD"]
[SourceTitle "CBM 213 Extra"]
[Source "ChessBase"]
[SourceDate "2023.05.31"]
[SourceVersion "1"]
[SourceVersionDate "2023.05.31"]
[SourceQuality "1"]

1. e4 d5 2. exd5 Qxd5 3. Nc3 Qd6 4. d4 Nf6 5. Nf3 a6 6. g3 Bg4 7. h3 Bh5 8. g4 Bg6 9. Ne5 Nc6 10. Bf4 Qxd4 11. Qxd4 Nxd4 12. 0-0-0 Ne6 13. Bg2 c6 14. Be3 Nd8 15. h4 h5 16. Nxg6 fxg6 17. g5 Ng4 18. Be4 Kf7 19. Bb6 Ne6 20. Rd7 Rb8 21. f4 Nxf4 22. Bc7 1-0

[Event "Arab-ch"]
[Site "Khartoum"]
[Date "2023.02.27"]
[Round "3"]
[White "Eltag, Siddig"]
[Black "Abadame, Mohamed Abdalla"]
[Result "1-0"]
[WhiteElo "2133"]
[BlackElo "1653"]
[PlyCount "107"]
[EventDate "2023.02.26"]
[EventType "swiss"]
[EventRounds "9"]
[EventCountry "SUD"]
[SourceTitle "CBM 213 Extra"]
[Source "ChessBase"]
[SourceDate "2023.05.31"]
[SourceVersion "1"]
[SourceVersionDate "2023.05.31"]
[SourceQuality "1"]

1. d4 e6 2. c4 Nf6 3. Nf3 b6 4. g3 Bb7 5. Bg2 Be7 6. 0-0 0-0 7. Nc3 d5 8. cxd5 Nxd5 9. Qc2 Nf6 10. Bg5 h6 11. Bxf6 Bxf6 12. Ng5 Bxg5 13. Bxb7 Nd7 14. Bxa8 Qxa8 15. Qe4 Qc8 16. Qc6 a6 17. Ne4 Nb8 18. Qc2 Bd8 19. Rfd1 Qb7 20. Rac1 a5 21. a3 Re8 22. b4 axb4 23. axb4 Be7 24. f3 Rc8 25. b5 Qd5 26. Qc4 Qb7 27. d5 exd5 28. Qxd5 Qxd5 29. Rxd5 Kf8 30. Kg2 Ke8 31. Nd6+ Bxd6 32. Rxd6 Nd7 33. Rdc6 Nc5 34. Rc4 Ke7 35. Kf2 Ke8 36. Ke3 Ke7 37. f4 Ke8 38. Kf3 Ke7 39. e4 Ke8 40. e5 Kf8 41. R4xc5 bxc5 42. b6 Rb8 43. bxc7 Rc8 44. Ke4 Ke7 45. Rxc5 Kd7 46. Kf5 Ke7 47. g4 g6+ 48. Ke4 Kd7 49. f5 g5 50. Kd5 Rxc7 51. e6+ fxe6+ 52. fxe6+ Kc8 53. Rxc7+ Kxc7 54. Ke5 1-0

[Event "Dubai op 09th"]
[Site "Dubai"]
[Date "2007.04.24"]
[Round "3"]
[White "Melkumyan, Hrant"]
[Black "Eltag, Siddig"]
[Result "1-0"]
[WhiteElo "2406"]
[BlackElo "2208"]
[PlyCount "107"]
[EventDate "2007.04.22"]
[EventType "swiss"]
[EventRounds "9"]
[EventCountry "UAE"]
[SourceTitle "CBM 118 Extra"]
[Source "ChessBase"]
[SourceDate "2007.07.04"]
[SourceVersion "1"]
[SourceVersionDate "2007.07.04"]
[SourceQuality "1"]

1. d4 Nf6 2. c4 e6 3. Nc3 d5 4. Nf3 c6 5. e3 Nbd7 6. Qc2 Bb4 7. Bd3 Qc7 8. Bd2 dxc4 9. Bxc4 0-0 10. 0-0 e5 11. Nb5 Qa5 12. Bxb4 Qxb4 13. Nc7 e4 14. Nxa8 exf3 15. gxf3 b5 16. Be2 Bb7 17. Nc7 Qd6 18. Rac1 Qxc7 19. Bxb5 Qd6 20. Be2 Nd5 21. Kh1 Re8 22. Rg1 Qf6 23. Rg3 Nf8 24. a3 Ne6 25. Rcg1 g6 26. Bd3 Ng7 27. Be4 Bc8 28. Rg5 Bd7 29. f4 Qd6 30. Bd3 Nf6 31. Re5 Ng4 32. Rxe8+ Nxe8 33. Be4 Qe7 34. Bf3 Nxh2 35. Bxc6 Bg4 36. Qc5 Qh4 37. Qg5 Qxg5 38. fxg5 Bf3+ 39. Kxh2 Bxc6 40. Rc1 Bd7 41. Rc5 a6 42. e4 f6 43. gxf6 Nxf6 44. f3 Kf7 45. Rc7 Ke6 46. Ra7 Bb5 47. a4 Be2 48. Kg3 g5 49. Kf2 Bc4 50. b3 Bd3 51. Ke3 Bf1 52. d5+ Kd6 53. Rf7 Nd7 54. Kd4 1-0